| 000 | 01092cam a22003133u 4500 | ||
|---|---|---|---|
| 001 | 11008267 | ||
| 003 | BD-DhUL | ||
| 005 | 20170102143529.0 | ||
| 006 | m d | ||
| 007 | cr n | ||
| 008 | 141104s1999 ||||||||s|||||||| ||||| d | ||
| 035 | _a(WaSeSS)ssib018187314 | ||
| 040 |
_aWaSeSS _cBD-DhUL _dWaSeSS _erda |
||
| 082 |
_a809.1 _bKEL |
||
| 100 | 1 | _aKeble, John. | |
| 210 | 1 | 0 | _aKeble's Lectures on Poetry 1832-1841 / |
| 245 | 1 | 0 |
_aKeble's Lectures on Poetry 1832-1841 / _cKeble, John. |
| 264 | 1 |
_a[Place of publication not identified] : _bClarendon Press, _c1999. |
|
| 300 |
_a434p.: _bill., _c21cm. |
||
| 336 |
_atext _btxt _2rdacontent |
||
| 337 |
_acomputer _bc _2rdamedia |
||
| 338 |
_aonline resource _bcr _2rdacarrier |
||
| 500 | _aTitle from content provider. | ||
| 506 | _aLicense restrictions may limit access. | ||
| 773 | 0 | _tLiterature Online (LION) | |
| 856 | 4 | 0 |
_uhttp://www.columbia.edu/cgi-bin/cul/resolve?clio11008267 _zFull text available from Literature Online (LION) |
| 910 | _aSerials Solutions supplemental brief record | ||
| 942 |
_2ddc _cBK |
||
| 999 |
_c145310 _d145310 |
||